LIBRARY ONLINE CATALOGUE

The Murder of Lord Erroll / (Record no. 13182)

MARC details
000 -LEADER
fixed length control field 00642nam a22002172 4500
001 - CONTROL NUMBER
control field 0000009586
005 - DATE AND TIME OF LATEST TRANSACTION
control field 20151217155840.0
008 - FIXED-LENGTH DATA ELEMENTS--GENERAL INFORMATION
fixed length control field 081111s xx 000 0 eng d
020 ## - INTERNATIONAL STANDARD BOOK NUMBER
Terms of availability Donation
040 ## - CATALOGING SOURCE
Original cataloging agency KABU
Transcribing agency KABU
100 1# - MAIN ENTRY--PERSONAL NAME
Personal name Furneaux, Rupert.
-- 0000065891
245 14 - TITLE STATEMENT
Title The Murder of Lord Erroll /
Statement of responsibility, etc. by Rupert Furneaux.
250 ## - EDITION STATEMENT
Edition statement 1st ed.
260 ## - PUBLICATION, DISTRIBUTION, ETC. (IMPRINT)
Place of publication, distribution, etc. London :
Name of publisher, distributor, etc. Stevens,
Date of publication, distribution, etc. 1961.
300 ## - PHYSICAL DESCRIPTION
Extent ix, 180 p.
600 10 - SUBJECT ADDED ENTRY--PERSONAL NAME
Personal name Erroll, Josslyn Hay, Earl.
-- 0000161298
650 #0 - SUBJECT ADDED ENTRY--TOPICAL TERM
Topical term or geographic name as entry element Murder
General subdivision Case studies
Geographic subdivision Kenya
-- Nairobi.
-- 0000161299
908 ## - PUT COMMAND PARAMETER (RLIN)
Put command parameter 081111
950 ## - LOCAL HOLDINGS (RLIN)
-- 1
Holdings
Withdrawn status Lost status Source of classification or shelving scheme Not for loan Home library Current library Date acquired Total Checkouts Full call number Barcode Date last seen Price effective from Koha item type
    Library of Congress Classification   Kabarak, Main Campus Kabarak, Main Campus 17/12/2015   HV6535 .K4F87 c. 1 15455 17/12/2015 17/12/2015 Africana Collection